V službe Bohu i ľuďom k nedožitým deväťdesiatinám Mons. Alexeja Izakoviča

Bibliographic Details
Main Author: Radváni, Július (Author)
Format: Article
Language:Slovak
ISSN:0139-8512
Subjects:

MARC

LEADER 00000nab a2200000 a 4500
001 vtls000649073
003 SK-MaSNL
005 20260302183345.0
008 161104c1998 xo 0 slo
015 |a SNBRA1998/02-03062 
035 |a CLN000001268 
040 |a SNKBUCL  |b slo  |c SNKBUCL  |e AACR2 
041 0 |a slo 
044 |a xo  |c SK 
080 |a 262.1  |2 1997 
080 |a 282  |2 1997 
080 |a 929 Izakovič, Alexej  |2 1997 
100 1 |a Radváni, Július  |4 aut  |9 896837 
245 1 0 |a V službe Bohu i ľuďom  |b k nedožitým deväťdesiatinám Mons. Alexeja Izakoviča  |c Hadrián Radváni 
600 1 7 |a Izakovič, Alexej,  |d 1908-1995  |2 snkbucl  |9 149346 
655 7 |a články z novín a časopisov  |2 snkbucl  |9 267496 
773 0 |x 0139-8512  |t Katolícke noviny  |g Roč. 113, č. 6 (1998), s. 3 
850 |a Slovenská národná knižnica v Martine 
852 |a SNK  |b KIS3GCP 
958 |a BX 
958 |a SK 
999 |c 1421413  |d 1423343